000 00540cam a22002171 4500
001 sa 67004650
003 DLC
005 20260227112349.0
008 940823s1966 ii 000 1 orio
010 _asa 67004650
025 _aPL480:I-O-720
035 _a(OCoLC)30996215
040 _aDLC
_cCU
_dCU
_dDLC
042 _apremarc
050 0 0 _aPK2579.M284
_bA8
100 1 _aMahanti, Brajamohan.
245 1 0 _aAmbāpallī.
260 _c[1966]
300 _a2, 3, 128 p. (p. [127]-128 advertisements)
_c19 cm.
500 _aIn Oriya.
999 _c74656
_d74656